Modern theory of polymer solutions /
Guardado en:
| Autor Principal: | |
|---|---|
| Formato: | Libro |
| Idioma: | English |
| Publicado: |
New York :
Harper & Row,
c1971.
|
| Series: | Harper's chemistry series
|
| Materias: | |
| Etiquetas: |
Agregar Etiqueta
Sin Etiquetas, Sea el primero en etiquetar este registro!
|
| LEADER | 00721cam a22002175a 4500 | ||
|---|---|---|---|
| 001 | EIQ.libpla000575 | ||
| 008 | 710831s1971####nyua#####b####001#0#eng#d | ||
| 005 | 20060322165506.0 | ||
| 245 | 1 | 0 | |a Modern theory of polymer solutions / |c Hiromi Yamakawa. |
| 260 | |a New York : |b Harper & Row, |c c1971. | ||
| 300 | |a xiii, 419 p. : |b il. ; |c 25 cm. | ||
| 440 | 0 | |a Harper's chemistry series | |
| 504 | |a Incluye referencias bibliográficas e índices. | ||
| 020 | |a 0060473096 | ||
| 100 | 1 | |a Yamakawa, Hiromi, |d 1931- | |
| 082 | 0 | 0 | |a 547/.84 |
| 650 | 4 | |a Soluciones de polímeros |x Teoría. | |
| 650 | 4 | |a Polymer solutions |x Theory. | |
| 010 | |a 71141173 | ||
| 040 | |a DLC |c DLC |d AR-BbSID | ||
| 859 | |a AR-BbSID |b BIB. PLAPIQUI |h 541.2254 |i Y 14 |p 407 | ||
